Statistics for A Level Biology - Communication and Homeostasis

Click here to take the quiz!

General Stats

  • This quiz has been taken 43 times
  • The average score is 5 of 9

Answer Stats

DefinitionKeyword% Correct
The mechanism that reverses a change, bringing the system back to the optimumNegative feedback
89%
Maintaining a constant internal environment despite changes in external and internal factorsHomeostasis
86%
The mechanism that increases a change, taking the system further away from the optimumPositive feedback
74%
The part of the brain that coordinates homeostatic reponsesHypothalamus
71%
A cell, tissue or organ that brings about a responseEffector
69%
An organism that uses heat from metabolic reactions to maintain body temperatureEndotherm
51%
The way in which cells communicate with each otherCell signalling
20%
An organism that relies on external sources of heat to maintain body temperatureEcotherm
11%
Cells/sensory nerve endings that respond to a stimulus in the internal or external environment of an organism and can create action potentialsSensory receptors
9%

Score Distribution

Percentile by Number Answered

Percent of People with Each Score

Your Score History

You have not taken this quiz